Fundamentación filosofica de las doctrinas económicas (Registro nro. 5409)

Detalles MARC
000 -LEADER
fixed length control field 01333 a2200205 4500
001 - CONTROL NUMBER
control field 54238
005 - DATE AND TIME OF LATEST TRANSACTION
control field 20260407155813.0
008 - FIXED-LENGTH DATA ELEMENTS--GENERAL INFORMATION
fixed length control field 260407a1983 arg spa d
003 - CONTROL NUMBER IDENTIFIER
control field AR-UNSa-BCEJYS
040 ## - CATALOGING SOURCE
Original cataloging agency AR-UNSa-BCEJYS
Language of cataloging spa
Transcribing agency AR-UNSa-BCEJYS
080 ## - UNIVERSAL DECIMAL CLASSIFICATION NUMBER
Universal Decimal Classification number 1(09)
Common auxiliary subdivision Historia de la Filosofía
041 ## - LANGUAGE CODE
Language code of text/sound track or separate title spa
100 1# - MAIN ENTRY--PERSONAL NAME
Personal name Letizia, Francisco
245 10 - TITLE STATEMENT
Title Fundamentación filosofica de las doctrinas económicas
264 #1 - PRODUCTION, PUBLICATION, DISTRIBUTION, MANUFACTURE, AND COPYRIGHT NOTICE
Place of production, publication, distribution, manufacture Mendoza :
Name of producer, publisher, distributor, manufacturer Universidad Nacional de Cuyo. Facultad de Ciencias Económicas
Date of production, publication, distribution, manufacture, or copyright notice 1983
300 ## - PHYSICAL DESCRIPTION
Extent 554 p.
Dimensions 21 cm.
505 ## - FORMATTED CONTENTS NOTE
Formatted contents note 1. Filosofía y economía – 2. Hesíodo y la dignidad del trabajo – 3. El siglo de Pericles – 4. Sócrates – 5. El eoikonomikos y los poroi de Jenofonte – 6. Platón – 7. Aristóteles – 8. Los teóricos de la economía rural en Roma – 9. La original originalidad del cristianismo – 10. La edad media y el que hacer filosófico-tecnológico de la escolástica – 11. Santo Tomas y la economía teológica – 12. El renacimiento Italiano – 13. Maquiavelo, el teórico del estado moderno – 14. La reforma protestante y el espíritu del capitalismo – 15. La filosofía moderna y la preocupación por el método – 16. La influencia de la filosofía política de Hobbies en el mercantilismo.
590 ## - LOCAL NOTE (RLIN)
Local note niveau_biblio:m niveau_hierar:0
942 ## - ADDED ENTRY ELEMENTS (KOHA)
Koha item type
Existencias
Withdrawn status Lost status Damaged status Not for loan Home library Current library Shelving location Date acquired Total checkouts Full call number Barcode Date last seen Price effective from Koha item type
        Biblioteca Prof. Eusebio Cleto del Rey Biblioteca Prof. Eusebio Cleto del Rey   07/04/2026   1(09) L648 L39104 07/04/2026 07/04/2026 Libro